00747nam a2200157 450000500170000000800410001704000420005805000310010010000280013124501540015926000700031330000340038350200880041750400430050585200410054820250522145834.0250522b xxu||||| |||| 00| 0 eng 0 a\a NG-ZaABUc\c NG-ZaABUd\d NG-ZaABU a\a RS 191.5 Kurb\b 511197 aa Kurfi, Shuaibu Fatima a\a Evaluation of Modified Finger Millet Starch (Eleusine coracana L.) as Filler-Binder in Direct Compressonrc\c / by Fatima Kurfi Shuaibuh\h [Text] a\a Zaria:b\b Dept. of Pharmaceutical Microbiology, ABUc\c 2017. a\a xviii,145leaves.:b\b ill. a\a Faculty of Pharmaceutical Sciencesb\b Thesis: (M.Sc) in Pharmaceuticsd\d 2017 a\a Includes bibliographical references a\a KILc\c Africana Unit p\p 511197